Automatizace sběru dat v nespojitých výrobních procesech /

Enregistré dans:
Détails bibliographiques
Auteurs principaux: Ctibor, Karel (Auteur), Nalec, Ivan (Auteur)
Format: Livre
Langue:tchèque
Publié: Praha : SNTL, 1971
Édition:1.vyd.
Sujets:
Tags: Ajouter un tag
Pas de tags, Soyez le premier à ajouter un tag!

MARC

LEADER 00000nam a22000003a 4500
001 stu35231
005 20150617225731.7
008 920413s1971----cs------------------cze-d
040 |a STU  |b slo 
041 0 |a cze 
044 |a cs 
080 |a 330.313 
080 |a 005.591.6 
100 1 |a Ctibor, Karel  |4 aut 
245 1 |a Automatizace sběru dat v nespojitých výrobních procesech /  |c [aut.]Karel Ctibor, Ivan Nalec 
250 |a 1.vyd. 
260 |a Praha :  |b SNTL,  |c 1971 
300 |a 233 s 
650 7 |a výrobné procesy  |2 stusub 
650 7 |a automatizácia  |2 stusub 
700 1 |a Nalec, Ivan  |4 aut 
996 |b 284J016383  |c J*59031  |l JJSK  |s A  |a 24  |w stu35231_0001 
996 |b 284M022078  |c M*7194-1  |l MMKN  |s A  |a 24  |w stu35231_0002